|
|
|
|
| LEADER |
01101nam a2200265 a 4500 |
| 001 |
2186652 |
| 008 |
100124r20001995njua b 001 0 eng d |
| 010 |
|
|
|a 72002891
|
| 020 |
|
|
|a 8120311442
|
| 020 |
|
|
|a 0136416624
|
| 020 |
|
|
|a 0136416543 (pbk)
|
| 040 |
|
|
|a DLC
|c DLC
|d DLC
|d DB-DhAAL
|
| 082 |
0 |
0 |
|a 658.4/06
|2 20
|
| 100 |
1 |
|
|a French, Wendell L.,
|d 1923-
|
| 245 |
1 |
0 |
|a Organization development :
|b behavioral science interventions for organization improvement /
|c Wendell L. French and Cecil H. Bell, Jr.
|
| 260 |
|
|
|a Englewood Cliffs, N.J. ;
|a New Delhi :
|b Prentice-Hall,
|c 1995 [reprinted 2000]
|
| 250 |
|
|
|a 5th ed.
|
| 300 |
|
|
|a xvi, 368 p. ;
|b illus ;
|c 24 cm.
|
| 504 |
|
|
|a Includes bibliographical references and index.
|
| 541 |
1 |
|
|e 00012661
|
| 650 |
|
0 |
|a Organizational change.
|
| 700 |
1 |
|
|a Bell, Cecil,
|d 1935-
|e joint author.
|
| 852 |
4 |
|
|a Ayesha Abed Library
|j General Shelf.
|
| 999 |
|
|
|c 7122
|d 7122
|
| 952 |
|
|
|0 0
|1 0
|2 ddc
|4 0
|6 658_406000000000000_FRE
|7 0
|9 7397
|a BRACUL
|b BRACUL
|c GEN
|d 2010-01-24
|l 1
|o 658.406 FRE
|p 3010012661
|r 2014-11-11
|s 2014-10-29
|t 1
|w 2010-01-24
|y BK
|x Price not available in Register
|